Statistiques concernant Paroles - Jamais je n'avouerai - Hercule

Cliquez ici pour prendre le quiz!

Statistiques générales

  • Ce quiz a été pris 142 fois
  • Le résultat moyen est 154 sur 203

Statistiques - réponses

Réponse% Correct
Je
99%
je
99%
ma
99%
le
98%
Le
98%
pour
98%
de
96%
Jamais
96%
jamais
96%
la
96%
La
96%
non
96%
Non
96%
un
96%
coeur
95%
c'est
94%
C'est
94%
ne
94%
que
94%
si
94%
manque
93%
crois
92%
gagnant
92%
j'ai
92%
jugement
92%
pas
92%
prix
92%
ton
92%
Ton
92%
Tu
92%
tu
92%
t'a
90%
ticket
90%
ça
89%
dirai
89%
S'il
89%
y'a
89%
en
88%
est
86%
ancienne
83%
autant
83%
jette
83%
l'histoire
83%
Nul
82%
souffrir
82%
vaut
82%
amoureux
81%
homme
81%
Il
81%
il
81%
tes
81%
passion
80%
oh
79%
Oh
79%
j'enchaine
78%
trop
78%
cacher
77%
Qui
76%
banal
74%
d'être
74%
donc
74%
Pourquoi
74%
sentimentale
74%
tromper
72%
ensorcelé
71%
Mon
71%
yeux
70%
fille
69%
chanson
68%
dans
68%
envoûté
67%
mentir
66%
accroche
65%
leçon
65%
lit
65%
feu
64%
l'aimes
64%
les
64%
T'as
64%
toi
64%
connaissait
63%
Evite
62%
fragile
62%
J'avais
62%
pourtant
62%
appris
61%
Mais
61%
soupire
61%
car
59%
qu'on
59%
idylles
58%
nier
58%
n'avouerai
56%
sentiments
56%
tout
55%
mal
53%
très
53%
vacille
52%
comme
51%
Et
50%
et
50%
t'aime
50%
jour
49%
N'essaies
48%
nos
48%
oserai
46%
peine
46%
amoureuse
45%
t'avouer
45%
fait
44%
normal
44%
suis
44%
d'hésiter
40%
tourment
40%
Laissez
39%
Lis
39%
souris
39%
n'oserai
37%
tomber
37%
sur
36%
dément
34%
lèvres
33%
Même
33%
t'emballe
33%
nies
31%
vous
31%
passionnément
29%
Quand
28%
compliment
27%
mens
23%
Remballes
22%

Distribution des résultats

Percentile par nombre de réponses

% des personnes avec chaque résultat

Votre développement - résultats

Vous n’avez pas pris ce quiz